Central Library OPAC University of Rajshahi

মধ্যযুগের বাংলা ও বাঙালী / (Record no. 48879)

MARC details
000 -LEADER
fixed length control field 00914nam a2200229 a 4500
001 - CONTROL NUMBER
control field 48879
003 - CONTROL NUMBER IDENTIFIER
rucl marc code BD-RjUL
005 - DATE AND TIME OF LATEST TRANSACTION
control field 20240919105902.0
008 - FIXED-LENGTH DATA ELEMENTS--GENERAL INFORMATION
fixed length control field 160816s19961962I |||| |||| 00| 0 ben d
020 ## - INTERNATIONAL STANDARD BOOK NUMBER
Terms of availability :TK. 16.00
035 ## - SYSTEM CONTROL NUMBER
System control number (BD-RjUL)48998
040 ## - CATALOGING SOURCE
Original cataloging agency BD-RjUL
Language of cataloging ben
Transcribing agency BD-RjUL
041 ## - LANGUAGE CODE
Language code of text/sound track or separate title ben
082 ## - DEWEY DECIMAL CLASSIFICATION NUMBER
Edition number 23
Classification number 891.4409
Author mark and year SHM 1996
100 1# - MAIN ENTRY--PERSONAL NAME
Personal name সেন, শ্রীসুকুমার
9 (RLIN) 147229
245 10 - TITLE STATEMENT
Title মধ্যযুগের বাংলা ও বাঙালী /
Statement of responsibility, etc. শ্রীসুকুমার সেন
260 ## - PUBLICATION, DISTRIBUTION, ETC. (IMPRINT)
Place of publication, distribution, etc. কলিকাতা :
Name of publisher, distributor, etc. বিশ্বভারতী গ্রন্হবিতান,
Date of publication, distribution, etc. ১৯৯৬
300 ## - PHYSICAL DESCRIPTION
Pagination ৫২ পৃ ;
Size ১৫ সেমি.
650 ## - SUBJECT ADDED ENTRY--TOPICAL TERM
Topical term or geographic name as entry element বাংলা সাহিত্য
9 (RLIN) 146440
General subdivision ইতিহাস ও সমালোচনা
Topical term or geographic name as entry element Bengali Literature
9 (RLIN) 146441
General subdivision History & Criticism
942 ## - ADDED ENTRY ELEMENTS (KOHA)
Source of classification or shelving scheme Dewey Decimal Classification
Koha item type Books
Holdings
Lost status Source of classification or shelving scheme Damaged status Not for loan Collection code Permanent Location Current Location Shelving location Date acquired Source of acquisition Cost, normal purchase price Total Checkouts Full call number Date last seen Copy number Koha item type
  Dewey Decimal Classification     Non-fiction Central Library, University of Rajshahi Central Library, University of Rajshahi   15/05/2008 Paragon Enterprises Dhaka 16.00   B 891.4409 SHM 1996 17/08/2016 C-2 Books
  Dewey Decimal Classification     Non-fiction Central Library, University of Rajshahi Central Library, University of Rajshahi   15/05/2008 Paragon Enterprises Dhaka 16.00   B 891.4409 SHM 1996 17/08/2016 C-3 Books
  Dewey Decimal Classification   Not For Loan Non-fiction Central Library, University of Rajshahi Central Library, University of Rajshahi Reading Room 15/05/2008 Paragon Enterprises Dhaka 16.00   B 891.4409 SHM 1996 31/01/2017 C-1 Books
  Dewey Decimal Classification     Non-fiction Central Library, University of Rajshahi Central Library, University of Rajshahi   15/05/2008 Paragon Enterprises Dhaka 16.00   B 891.4409 SHM 1996 31/01/2017 C-4 Books